[Event "DVM U14 2023"]
[Site "Magdeburg GER"]
[Date "2023.12.29"]
[Round "6"]
[White "Bock, Leonas"]
[Black "Akladius, Kyrillus"]
[Result "1/2-1/2"]
[Termination "normal"]
[Board "10.2"]
[WhiteElo "1302"]
[BlackElo "1342"]
[WhiteClock "00:19:58"]
[BlackClock "00:56:31"]
[WhiteTeam "SSV Vimaria 91 Weimar"]
[BlackTeam "SK König Plauen"]
[PlyCount "68"]
[WhiteFideId "16287118"]
[BlackFideId "16267036"]
[EventCountry "GER"]
[EventRounds "7"]
[EventType "team-swiss"]
[EventDate "2023.12.26"]

1. d4 {[%clk 01:30:54]} {[%emt 00:00:06]} f5 {[%clk 01:30:58]} {[%emt
00:00:03]} 2. Bg5 {[%clk 01:31:01]} {[%emt 00:00:23]} Nf6 {[%clk 01:31:24]}
{[%emt 00:00:04]} 3. Bxf6 {[%clk 01:30:43]} {[%emt 00:00:47]} exf6 {[%clk
01:31:22]} {[%emt 00:00:33]} 4. Nf3 {[%clk 01:31:05]} {[%emt 00:00:07]} d5
{[%clk 01:31:49]} {[%emt 00:00:03]} 5. Nc3 {[%clk 01:31:02]} {[%emt 00:00:33]}
Be6 {[%clk 01:32:17]} {[%emt 00:00:04]} 6. e3 {[%clk 01:31:07]} {[%emt
00:00:24]} c6 {[%clk 01:32:42]} {[%emt 00:00:05]} 7. Bd3 {[%clk 01:31:15]}
{[%emt 00:00:21]} Bd6 {[%clk 01:32:42]} {[%emt 00:00:30]} 8. O-O {[%clk
01:31:36]} {[%emt 00:00:08]} O-O {[%clk 01:32:58]} {[%emt 00:00:14]} 9. Qd2
{[%clk 01:29:19]} {[%emt 00:02:48]} Qc7 {[%clk 01:32:16]} {[%emt 00:01:13]} 10.
Rfe1 {[%clk 01:27:26]} {[%emt 00:02:22]} Nd7 {[%clk 01:32:01]} {[%emt
00:00:45]} 11. Rac1 {[%clk 01:21:22]} {[%emt 00:06:33]} Rae8 {[%clk 01:30:11]}
{[%emt 00:02:21]} 12. a3 {[%clk 01:19:04]} {[%emt 00:02:49]} Nb6 {[%clk
01:29:24]} {[%emt 00:01:17]} 13. Ne2 {[%clk 01:05:43]} {[%emt 00:13:51]} Nc4
{[%clk 01:28:03]} {[%emt 00:01:51]} 14. Bxc4 {[%clk 01:05:49]} {[%emt
00:00:23]} dxc4 {[%clk 01:28:30]} {[%emt 00:00:04]} 15. Nf4 {[%clk 01:06:07]}
{[%emt 00:00:12]} Bf7 {[%clk 01:27:50]} {[%emt 00:01:10]} 16. Rcd1 {[%clk
01:04:49]} {[%emt 00:01:48]} Rd8 {[%clk 01:24:55]} {[%emt 00:03:25]} 17. c3
{[%clk 01:03:53]} {[%emt 00:01:26]} Rfe8 {[%clk 01:24:34]} {[%emt 00:00:51]}
18. h4 {[%clk 00:45:09]} {[%emt 00:19:13]} Re4 {[%clk 01:23:26]} {[%emt
00:01:38]} 19. g3 {[%clk 00:43:59]} {[%emt 00:01:40]} Ree8 {[%clk 01:17:25]}
{[%emt 00:06:31]} 20. Qc2 {[%clk 00:43:13]} {[%emt 00:01:16]} Qd7 {[%clk
01:14:24]} {[%emt 00:03:32]} 21. Nd2 {[%clk 00:32:21]} {[%emt 00:11:21]} b5
{[%clk 01:13:41]} {[%emt 00:01:14]} 22. f3 {[%clk 00:32:03]} {[%emt 00:00:47]}
c5 {[%clk 01:10:32]} {[%emt 00:03:39]} 23. Kf2 {[%clk 00:30:19]} {[%emt
00:02:13]} g6 {[%clk 01:09:12]} {[%emt 00:01:51]} 24. dxc5 {[%clk 00:27:14]}
{[%emt 00:03:35]} Bxc5 {[%clk 01:09:38]} {[%emt 00:00:04]} 25. Ne4 {[%clk
00:25:20]} {[%emt 00:02:24]} Qe7 {[%clk 01:07:14]} {[%emt 00:02:54]} 26. Nxc5
{[%clk 00:24:46]} {[%emt 00:01:04]} Qxc5 {[%clk 01:07:20]} {[%emt 00:00:24]}
27. Rd4 {[%clk 00:22:59]} {[%emt 00:02:17]} Qe5 {[%clk 01:02:18]} {[%emt
00:05:32]} 28. Qd2 {[%clk 00:21:54]} {[%emt 00:01:36]} Rxd4 {[%clk 00:59:29]}
{[%emt 00:03:18]} 29. exd4 {[%clk 00:21:38]} {[%emt 00:00:45]} Qxe1+ {[%clk
00:59:21]} {[%emt 00:00:38]} 30. Qxe1 {[%clk 00:22:01]} {[%emt 00:00:07]} Rxe1
{[%clk 00:59:49]} {[%emt 00:00:03]} 31. Kxe1 {[%clk 00:22:29]} {[%emt
00:00:02]} g5 {[%clk 01:00:12]} {[%emt 00:00:07]} 32. Ng2 {[%clk 00:21:50]}
{[%emt 00:01:09]} Bd5 {[%clk 00:57:16]} {[%emt 00:03:26]} 33. Kf2 {[%clk
00:21:56]} {[%emt 00:00:24]} Kf7 {[%clk 00:56:35]} {[%emt 00:01:11]} 34. Ne3
{[%clk 00:19:58]} {[%emt 00:02:29]} Ke6 {[%clk 00:56:31]} {[%emt 00:00:34]}
1/2-1/2

[Event "DVM U14 2023"]
[Site "Magdeburg GER"]
[Date "2023.12.29"]
[Round "6"]
[White "Rühmer, Nico"]
[Black "Kalinin, Alexej"]
[Result "1/2-1/2"]
[Termination "normal"]
[Board "10.3"]
[WhiteElo "1595"]
[BlackElo "1376"]
[WhiteClock "01:07:33"]
[BlackClock "00:59:33"]
[WhiteTeam "SK König Plauen"]
[BlackTeam "SSV Vimaria 91 Weimar"]
[PlyCount "24"]
[WhiteFideId "34640339"]
[BlackFideId "34617167"]
[EventCountry "GER"]
[EventRounds "7"]
[EventType "team-swiss"]
[EventDate "2023.12.26"]

1. e4 {[%clk 01:30:58]} {[%emt 00:00:01]} d5 {[%clk 01:30:52]} {[%emt
00:00:09]} 2. exd5 {[%clk 01:31:18]} {[%emt 00:00:10]} Qxd5 {[%clk 01:31:17]}
{[%emt 00:00:05]} 3. Nc3 {[%clk 01:31:30]} {[%emt 00:00:18]} Qa5 {[%clk
01:31:32]} {[%emt 00:00:15]} 4. d4 {[%clk 01:31:20]} {[%emt 00:00:40]} Nf6
{[%clk 01:31:50]} {[%emt 00:00:13]} 5. Nf3 {[%clk 01:30:20]} {[%emt 00:01:30]}
Bf5 {[%clk 01:31:24]} {[%emt 00:00:56]} 6. Bd3 {[%clk 01:25:14]} {[%emt
00:05:35]} e6 {[%clk 01:31:03]} {[%emt 00:00:52]} 7. Bxf5 {[%clk 01:20:58]}
{[%emt 00:04:47]} Qxf5 {[%clk 01:27:45]} {[%emt 00:03:48]} 8. Bg5 {[%clk
01:19:24]} {[%emt 00:02:04]} Bd6 {[%clk 01:22:33]} {[%emt 00:05:42]} 9. Qd2
{[%clk 01:15:41]} {[%emt 00:04:13]} Nbd7 {[%clk 01:21:40]} {[%emt 00:01:23]}
10. O-O-O {[%clk 01:13:11]} {[%emt 00:02:59]} O-O-O {[%clk 01:19:35]} {[%emt
00:02:35]} 11. Qd3 {[%clk 01:07:23]} {[%emt 00:06:18]} Qxd3 {[%clk 01:04:07]}
{[%emt 00:15:58]} 12. Rxd3 {[%clk 01:07:33]} {[%emt 00:00:20]} a6 {[%clk
00:59:33]} {[%emt 00:05:04]} 1/2-1/2

[Event "DVM U14 2023"]
[Site "Magdeburg GER"]
[Date "2023.12.29"]
[Round "6"]
[White "Berbig, Georg"]
[Black "da Costa Silva, Pepe"]
[Result "1-0"]
[Termination "normal"]
[Board "10.4"]
[WhiteElo "1406"]
[BlackElo "1087"]
[WhiteClock "01:07:31"]
[BlackClock "01:21:12"]
[WhiteTeam "SSV Vimaria 91 Weimar"]
[BlackTeam "SK König Plauen"]
[PlyCount "34"]
[WhiteFideId "34640401"]
[BlackFideId "16282000"]
[EventCountry "GER"]
[EventRounds "7"]
[EventType "team-swiss"]
[EventDate "2023.12.26"]

1. d4 {[%clk 01:30:59]} {[%emt 00:00:01]} Nf6 {[%clk 01:30:52]} {[%emt
00:00:08]} 2. Nf3 {[%clk 01:31:24]} {[%emt 00:00:05]} g6 {[%clk 01:31:03]}
{[%emt 00:00:20]} 3. Nc3 {[%clk 01:31:33]} {[%emt 00:00:20]} d6 {[%clk
01:30:57]} {[%emt 00:00:35]} 4. e4 {[%clk 01:28:42]} {[%emt 00:03:21]} Bg7
{[%clk 01:29:54]} {[%emt 00:01:34]} 5. Be3 {[%clk 01:28:48]} {[%emt 00:00:23]}
O-O {[%clk 01:28:37]} {[%emt 00:01:46]} 6. Bc4 {[%clk 01:27:45]} {[%emt
00:01:34]} Bg4 {[%clk 01:26:53]} {[%emt 00:02:13]} 7. h3 {[%clk 01:24:33]} Bxf3
{[%clk 01:25:15]} {[%emt 00:05:49]} 8. Qxf3 {[%clk 01:25:00]} Nbd7 {[%clk
01:24:16]} {[%emt 00:01:35]} 9. O-O {[%clk 01:23:00]} c6 {[%clk 01:23:09]}
{[%emt 00:04:08]} 10. g4 {[%clk 01:16:30]} Qc7 {[%clk 01:21:12]} {[%emt
00:09:26]} 11. Be2 {[%clk 01:07:31]} c5 {[%clk 01:21:12]} 12. d5 {[%clk
01:07:31]} Rab8 {[%clk 01:21:12]} 13. h4 {[%clk 01:07:31]} b5 {[%clk 01:21:12]}
14. g5 {[%clk 01:07:31]} Ne5 {[%clk 01:21:12]} 15. Qg2 {[%clk 01:07:31]} Nfd7
{[%clk 01:21:12]} 16. h5 {[%clk 01:07:31]} b4 {[%clk 01:21:12]} 17. Nb1 {[%clk
01:07:31]} Qb7 {[%clk 01:21:12]} 1-0

[Event "DVM U16w 2023"]
[Site "Magdeburg GER"]
[Date "2023.12.27"]
[Round "1"]
[White "Reddi, Bhuvana"]
[Black "Moldovan, Tatiana"]
[Result "1-0"]
[Termination "normal"]
[Board "1.1"]
[WhiteElo "1565"]
[BlackElo "1590"]
[WhiteClock "00:11:47"]
[BlackClock "00:02:54"]
[WhiteTeam "SC Weisse Dame"]
[BlackTeam "SG Königskinder Hohentübingen"]
[PlyCount "49"]
[WhiteFideId "16287002"]
[BlackFideId "16287398"]
[EventCountry "GER"]
[EventRounds "7"]
[EventType "team-swiss"]
[EventDate "2023.12.26"]

1. e4 {[%clk 01:30:59]} c5 {[%clk 01:30:50]} {[%emt 00:00:11]} 2. Nf3 {[%clk
01:31:24]} {[%emt 00:00:05]} a6 {[%clk 01:31:14]} {[%emt 00:00:06]} 3. Nc3
{[%clk 01:31:50]} {[%emt 00:00:04]} e6 {[%clk 01:31:38]} {[%emt 00:00:07]} 4.
d4 {[%clk 01:32:15]} {[%emt 00:00:05]} cxd4 {[%clk 01:32:02]} {[%emt 00:00:05]}
5. Nxd4 {[%clk 01:32:40]} {[%emt 00:00:04]} Qc7 {[%clk 01:32:23]} {[%emt
00:00:10]} 6. Bd3 {[%clk 01:33:02]} {[%emt 00:00:08]} b5 {[%clk 01:32:38]}
{[%emt 00:00:15]} 7. O-O {[%clk 01:30:46]} {[%emt 00:02:45]} Bb7 {[%clk
01:30:39]} {[%emt 00:02:30]} 8. Kh1 {[%clk 01:29:16]} {[%emt 00:02:00]} Nf6
{[%clk 01:30:05]} {[%emt 00:01:04]} 9. Qe2 {[%clk 01:24:27]} {[%emt 00:05:18]}
Bc5 {[%clk 01:18:58]} {[%emt 00:11:38]} 10. Nb3 {[%clk 01:24:37]} {[%emt
00:00:20]} Bb6 {[%clk 01:17:28]} {[%emt 00:02:00]} 11. f4 {[%clk 01:16:08]}
{[%emt 00:08:58]} d6 {[%clk 01:00:56]} {[%emt 00:17:01]} 12. Bd2 {[%clk
01:14:13]} {[%emt 00:02:23]} Nc6 {[%clk 00:55:36]} {[%emt 00:05:53]} 13. a3
{[%clk 01:13:37]} {[%emt 00:01:06]} Rc8 {[%clk 00:52:51]} {[%emt 00:03:15]} 14.
Rae1 {[%clk 01:13:38]} {[%emt 00:00:23]} Rd8 {[%clk 00:48:30]} {[%emt
00:04:57]} 15. e5 {[%clk 01:01:30]} {[%emt 00:12:37]} dxe5 {[%clk 00:46:07]}
{[%emt 00:02:55]} 16. fxe5 {[%clk 00:50:02]} {[%emt 00:11:58]} Nd5 {[%clk
00:36:56]} {[%emt 00:09:40]} 17. Qg4 {[%clk 00:45:14]} {[%emt 00:05:14]} Nce7
{[%clk 00:22:44]} {[%emt 00:14:46]} 18. Ne4 {[%clk 00:17:05]} {[%emt 00:28:39]}
f5 {[%clk 00:12:25]} {[%emt 00:10:49]} 19. exf6 {[%clk 00:16:17]} {[%emt
00:01:19]} gxf6 {[%clk 00:09:27]} {[%emt 00:03:28]} 20. Qxe6 {[%clk 00:14:42]}
{[%emt 00:02:05]} Rd6 {[%clk 00:08:27]} {[%emt 00:01:29]} 21. Nxd6+ {[%clk
00:14:30]} {[%emt 00:00:42]} Kd8 {[%clk 00:07:12]} {[%emt 00:01:45]} 22. Nf7+
{[%clk 00:13:45]} {[%emt 00:01:16]} Ke8 {[%clk 00:07:17]} {[%emt 00:00:25]} 23.
Nxh8 {[%clk 00:13:39]} {[%emt 00:00:35]} Kd8 {[%clk 00:02:56]} {[%emt
00:04:51]} 24. Bb4 {[%clk 00:11:45]} {[%emt 00:02:24]} Nxb4 {[%clk 00:02:54]}
{[%emt 00:00:33]} 25. axb4 {[%clk 00:11:47]} {[%emt 00:00:28]} *

[Event "DVM U16w 2023"]
[Site "Magdeburg GER"]
[Date "2023.12.27"]
[Round "1"]
[White "Moldovan, Stela"]
[Black "Grigoryan, Nare"]
[Result "0-1"]
[Termination "normal"]
[Board "1.2"]
[WhiteElo "1573"]
[BlackElo "1341"]
[WhiteClock "00:30:41"]
[BlackClock "00:05:32"]
[WhiteTeam "SG Königskinder Hohentübingen"]
[BlackTeam "SC Weisse Dame"]
[PlyCount "96"]
[WhiteFideId "16287380"]
[BlackFideId "34620702"]
[EventCountry "GER"]
[EventRounds "7"]
[EventType "team-swiss"]
[EventDate "2023.12.26"]

1. d4 {[%clk 01:30:54]} {[%emt 00:00:05]} d5 {[%clk 01:30:55]} {[%emt
00:00:06]} 2. Nf3 {[%clk 01:31:10]} {[%emt 00:00:14]} Nf6 {[%clk 01:31:11]}
{[%emt 00:00:14]} 3. e3 {[%clk 01:31:24]} {[%emt 00:00:15]} Bf5 {[%clk
01:30:27]} {[%emt 00:01:15]} 4. Bd3 {[%clk 01:29:29]} {[%emt 00:02:24]} Bxd3
{[%clk 01:26:56]} {[%emt 00:04:01]} 5. Qxd3 {[%clk 01:29:47]} {[%emt 00:00:12]}
e6 {[%clk 01:24:42]} {[%emt 00:02:44]} 6. Qb5+ {[%clk 01:18:38]} {[%emt
00:11:38]} Nc6 {[%clk 01:08:47]} {[%emt 00:16:26]} 7. Qxb7 {[%clk 01:17:11]}
{[%emt 00:01:58]} Nb4 {[%clk 01:08:06]} {[%emt 00:01:10]} 8. Qb5+ {[%clk
01:15:19]} {[%emt 00:02:21]} Qd7 {[%clk 01:08:02]} {[%emt 00:00:35]} 9. Qe2
{[%clk 01:09:42]} {[%emt 00:06:05]} Bd6 {[%clk 00:59:40]} {[%emt 00:08:51]} 10.
a3 {[%clk 01:08:27]} {[%emt 00:01:48]} Nc6 {[%clk 00:51:46]} {[%emt 00:08:23]}
11. b3 {[%clk 01:05:32]} {[%emt 00:03:25]} O-O {[%clk 00:49:28]} {[%emt
00:02:49]} 12. Bb2 {[%clk 01:05:22]} {[%emt 00:00:41]} Rfe8 {[%clk 00:49:00]}
{[%emt 00:00:58]} 13. Ne5 {[%clk 01:04:23]} {[%emt 00:01:28]} Bxe5 {[%clk
00:46:44]} {[%emt 00:02:46]} 14. dxe5 {[%clk 01:04:19]} {[%emt 00:00:33]} Ne4
{[%clk 00:46:41]} {[%emt 00:00:34]} 15. f3 {[%clk 01:03:16]} {[%emt 00:01:33]}
Nc5 {[%clk 00:40:32]} {[%emt 00:06:37]} 16. Bd4 {[%clk 01:01:48]} {[%emt
00:01:59]} Nxd4 {[%clk 00:38:48]} {[%emt 00:02:15]} 17. exd4 {[%clk 01:02:02]}
{[%emt 00:00:16]} Nb7 {[%clk 00:38:44]} {[%emt 00:00:33]} 18. O-O {[%clk
01:01:30]} {[%emt 00:01:03]} c5 {[%clk 00:38:13]} {[%emt 00:00:59]} 19. c3
{[%clk 00:59:25]} {[%emt 00:02:37]} cxd4 {[%clk 00:36:24]} {[%emt 00:02:18]}
20. cxd4 {[%clk 00:59:45]} {[%emt 00:00:10]} Na5 {[%clk 00:36:12]} {[%emt
00:00:43]} 21. Nd2 {[%clk 00:59:41]} {[%emt 00:00:35]} Qc7 {[%clk 00:32:16]}
{[%emt 00:04:23]} 22. b4 {[%clk 00:59:01]} {[%emt 00:01:12]} Nc6 {[%clk
00:30:49]} {[%emt 00:01:56]} 23. Nb3 {[%clk 00:59:10]} {[%emt 00:00:23]} Qb6
{[%clk 00:30:39]} {[%emt 00:00:39]} 24. Rfd1 {[%clk 00:59:00]} {[%emt
00:00:39]} Rec8 {[%clk 00:26:07]} {[%emt 00:05:02]} 25. Nc5 {[%clk 00:58:52]}
{[%emt 00:00:39]} a5 {[%clk 00:25:02]} {[%emt 00:01:35]} 26. Na4 {[%clk
00:53:59]} {[%emt 00:05:23]} Qa7 {[%clk 00:22:12]} {[%emt 00:03:18]} 27. Nc5
{[%clk 00:50:17]} {[%emt 00:04:14]} axb4 {[%clk 00:21:31]} {[%emt 00:01:11]}
28. axb4 {[%clk 00:49:43]} {[%emt 00:01:05]} Qxa1 {[%clk 00:21:35]} {[%emt
00:00:25]} 29. Rxa1 {[%clk 00:49:35]} {[%emt 00:00:38]} Rxa1+ {[%clk 00:21:56]}
{[%emt 00:00:09]} 30. Kf2 {[%clk 00:48:50]} {[%emt 00:01:14]} Nxb4 {[%clk
00:21:36]} {[%emt 00:00:50]} 31. Kg3 {[%clk 00:48:37]} {[%emt 00:00:44]} Nc6
{[%clk 00:19:28]} {[%emt 00:02:37]} 32. Qb2 {[%clk 00:47:45]} {[%emt 00:01:20]}
Raa8 {[%clk 00:17:53]} {[%emt 00:02:03]} 33. Qd2 {[%clk 00:44:07]} {[%emt
00:04:08]} Nxe5 {[%clk 00:13:58]} {[%emt 00:04:29]} 34. Qg5 {[%clk 00:41:08]}
{[%emt 00:02:40]} Ng6 {[%clk 00:12:54]} {[%emt 00:02:21]} 35. h4 {[%clk
00:41:04]} {[%emt 00:00:37]} h6 {[%clk 00:12:23]} {[%emt 00:01:01]} 36. Qg4
{[%clk 00:41:08]} {[%emt 00:00:21]} Ne7 {[%clk 00:10:37]} {[%emt 00:02:20]} 37.
Nd7 {[%clk 00:39:44]} {[%emt 00:01:54]} Nf5+ {[%clk 00:10:35]} {[%emt
00:00:32]} 38. Kh3 {[%clk 00:39:38]} {[%emt 00:00:20]} Rc4 {[%clk 00:10:19]}
{[%emt 00:01:01]} 39. Nb6 {[%clk 00:38:00]} {[%emt 00:02:09]} Rxd4 {[%clk
00:10:31]} {[%emt 00:00:18]} 40. Qxd4 {[%clk 00:37:42]} {[%emt 00:00:48]} Nxd4
{[%clk 00:10:47]} {[%emt 00:00:15]} 41. Nxa8 {[%clk 00:37:38]} {[%emt
00:00:35]} Kf8 {[%clk 00:10:30]} {[%emt 00:00:47]} 42. f4 {[%clk 00:36:08]}
{[%emt 00:01:58]} Ke7 {[%clk 00:09:48]} {[%emt 00:01:12]} 43. Kg3 {[%clk
00:34:05]} {[%emt 00:02:31]} Kd6 {[%clk 00:08:23]} {[%emt 00:01:56]} 44. Nb6
{[%clk 00:34:20]} {[%emt 00:00:16]} e5 {[%clk 00:07:34]} {[%emt 00:01:20]} 45.
fxe5+ {[%clk 00:32:53]} {[%emt 00:01:57]} Kxe5 {[%clk 00:07:54]} {[%emt
00:00:10]} 46. Kf2 {[%clk 00:31:53]} {[%emt 00:01:27]} Ke4 {[%clk 00:07:42]}
{[%emt 00:00:45]} 47. Nd7 {[%clk 00:31:50]} {[%emt 00:00:32]} Nf5 {[%clk
00:07:02]} {[%emt 00:01:09]} 48. h5 {[%clk 00:30:41]} {[%emt 00:01:41]} Kd3
{[%clk 00:05:32]} {[%emt 00:02:00]} *

[Event "DVM U16w 2023"]
[Site "Magdeburg GER"]
[Date "2023.12.27"]
[Round "1"]
[White "Bauer, Sophia"]
[Black "Agalykova, Angelina"]
[Result "0-1"]
[Termination "normal"]
[Board "1.3"]
[WhiteElo "1121"]
[BlackElo "1542"]
[WhiteClock "00:20:10"]
[BlackClock "00:14:28"]
[WhiteTeam "SC Weisse Dame"]
[BlackTeam "SG Königskinder Hohentübingen"]
[PlyCount "90"]
[WhiteFideId "34620583"]
[BlackFideId "13809571"]
[EventCountry "GER"]
[EventRounds "7"]
[EventType "team-swiss"]
[EventDate "2023.12.26"]

1. e4 {[%clk 01:30:57]} {[%emt 00:00:03]} c5 {[%clk 01:31:22]} {[%emt
00:00:08]} 2. Nf3 {[%clk 01:31:21]} {[%emt 00:00:06]} e6 {[%clk 01:31:41]}
{[%emt 00:00:11]} 3. d4 {[%clk 01:31:09]} {[%emt 00:00:42]} cxd4 {[%clk
01:31:58]} {[%emt 00:00:13]} 4. Nxd4 {[%clk 01:31:31]} {[%emt 00:00:09]} Nf6
{[%clk 01:32:05]} {[%emt 00:00:23]} 5. Nc3 {[%clk 01:31:15]} {[%emt 00:00:45]}
Nc6 {[%clk 01:31:29]} {[%emt 00:01:06]} 6. Ndb5 {[%clk 01:29:51]} {[%emt
00:01:54]} Bc5 {[%clk 01:29:51]} {[%emt 00:02:08]} 7. Bf4 {[%clk 01:27:29]}
{[%emt 00:02:51]} O-O {[%clk 01:25:57]} {[%emt 00:04:25]} 8. e5 {[%clk
01:16:24]} {[%emt 00:11:35]} Ne8 {[%clk 01:19:50]} {[%emt 00:06:38]} 9. Qg4
{[%clk 01:10:43]} {[%emt 00:06:09]} Qb6 {[%clk 01:09:22]} {[%emt 00:10:59]} 10.
O-O-O {[%clk 01:07:39]} {[%emt 00:03:34]} f5 {[%clk 00:57:44]} {[%emt
00:12:07]} 11. exf6 {[%clk 01:04:34]} {[%emt 00:03:36]} Nxf6 {[%clk 00:57:11]}
{[%emt 00:01:03]} 12. Qh4 {[%clk 01:02:42]} {[%emt 00:02:22]} Bxf2 {[%clk
00:55:45]} {[%emt 00:01:56]} 13. Bg3 {[%clk 01:00:56]} {[%emt 00:02:16]} Qe3+
{[%clk 00:51:45]} {[%emt 00:04:31]} 14. Kb1 {[%clk 00:59:46]} {[%emt 00:01:39]}
Bxg3 {[%clk 00:48:39]} {[%emt 00:03:36]} 15. hxg3 {[%clk 00:59:52]} {[%emt
00:00:25]} Qh6 {[%clk 00:44:58]} {[%emt 00:04:10]} 16. Qxh6 {[%clk 00:58:16]}
{[%emt 00:02:06]} gxh6 {[%clk 00:44:36]} {[%emt 00:00:51]} 17. Rxh6 {[%clk
00:58:19]} {[%emt 00:00:28]} Ng4 {[%clk 00:44:53]} {[%emt 00:00:13]} 18. Nc7
{[%clk 00:51:24]} {[%emt 00:07:25]} Rb8 {[%clk 00:44:28]} {[%emt 00:00:56]} 19.
Rh4 {[%clk 00:51:31]} {[%emt 00:00:22]} Ne3 {[%clk 00:44:41]} {[%emt 00:00:17]}
20. Bd3 {[%clk 00:51:42]} {[%emt 00:00:18]} Nxd1 {[%clk 00:42:08]} {[%emt
00:03:04]} 21. Nxd1 {[%clk 00:51:22]} {[%emt 00:00:49]} d6 {[%clk 00:40:07]}
{[%emt 00:02:32]} 22. Rxh7 {[%clk 00:50:23]} {[%emt 00:01:29]} Ne5 {[%clk
00:39:40]} {[%emt 00:00:57]} 23. Rh6 {[%clk 00:46:54]} {[%emt 00:03:58]} Nxd3
{[%clk 00:38:11]} {[%emt 00:02:00]} 24. cxd3 {[%clk 00:47:15]} {[%emt
00:00:08]} Kg7 {[%emt 00:04:25]} 25. Rxe6 {[%clk 00:44:31]} Rf1 {[%clk
00:32:48]} {[%emt 00:05:12]} 26. Re7+ {[%clk 00:44:26]} {[%emt 00:00:35]} Kf8
{[%clk 00:31:17]} {[%emt 00:02:01]} 27. Re8+ {[%clk 00:43:33]} {[%emt
00:01:22]} Kf7 {[%clk 00:30:56]} {[%emt 00:00:51]} 28. Kc1 {[%clk 00:43:00]}
{[%emt 00:01:03]} Rxd1+ {[%clk 00:31:12]} {[%emt 00:00:15]} 29. Kxd1 {[%clk
00:43:17]} {[%emt 00:00:13]} Bg4+ {[%clk 00:31:38]} {[%emt 00:00:04]} 30. Re2
{[%clk 00:43:03]} {[%emt 00:00:44]} Rg8 {[%clk 00:30:20]} {[%emt 00:01:47]} 31.
Nd5 {[%clk 00:42:15]} {[%emt 00:01:18]} Bxe2+ {[%clk 00:29:22]} {[%emt
00:01:29]} 32. Kxe2 {[%clk 00:42:38]} {[%emt 00:00:06]} Rxg3 {[%clk 00:29:38]}
{[%emt 00:00:15]} 33. Nf4 {[%clk 00:42:48]} {[%emt 00:00:18]} Rg5 {[%clk
00:28:55]} {[%emt 00:01:13]} 34. Kd2 {[%clk 00:39:47]} {[%emt 00:03:33]} Kf6
{[%emt 00:02:12]} 35. Ke3 {[%clk 00:39:10]} Kf5 {[%clk 00:27:15]} {[%emt
00:01:33]} 36. Kf3 {[%clk 00:38:35]} {[%emt 00:01:06]} Rg8 {[%clk 00:24:45]}
{[%emt 00:03:00]} 37. Nd5 {[%clk 00:36:06]} {[%emt 00:02:58]} Ke5 {[%clk
00:24:14]} {[%emt 00:01:01]} 38. Ne3 {[%clk 00:32:29]} {[%emt 00:04:07]} Rf8+
{[%clk 00:20:20]} {[%emt 00:04:25]} 39. Ke2 {[%clk 00:31:50]} {[%emt 00:01:08]}
d5 {[%clk 00:17:56]} {[%emt 00:02:54]} 40. Ng4+ {[%clk 00:28:19]} {[%emt
00:04:01]} Kf4 {[%clk 00:15:56]} {[%emt 00:02:30]} 41. Nf2 {[%clk 00:21:56]}
{[%emt 00:06:54]} Kg3 {[%clk 00:15:33]} {[%emt 00:00:53]} 42. Nd1 {[%clk
00:22:12]} {[%emt 00:00:13]} d4 {[%clk 00:15:45]} {[%emt 00:00:19]} 43. b4
{[%clk 00:21:49]} {[%emt 00:00:52]} Kxg2 {[%clk 00:15:57]} {[%emt 00:00:18]}
44. a4 {[%clk 00:19:52]} {[%emt 00:02:27]} Re8+ {[%clk 00:14:52]} {[%emt
00:01:36]} 45. Kd2 {[%clk 00:20:10]} {[%emt 00:00:11]} Kf1 {[%clk 00:14:28]}
{[%emt 00:00:54]} *